|
|
|
|
| LEADER |
02021nem a2200457 i 4500 |
| 001 |
001706057 |
| 003 |
CZ BrMZK |
| 005 |
20190910150419.0 |
| 007 |
aj|canzn |
| 008 |
190910s1991 xr a 0| cze d |
| 040 |
|
|
|a BOA001
|b cze
|e rda
|
| 072 |
|
7 |
|a 624
|x Stavební inženýrství
|2 Konspekt
|9 19
|
| 080 |
|
|
|a 624.131.1
|2 MRF
|
| 080 |
|
|
|a (084.3)55
|2 MRF
|
| 110 |
2 |
|
|a Stavební geologie Praha
|7 kn20010724781
|4 com
|
| 245 |
1 |
0 |
|a Mapa inženýrskogeologického rajónování ČR :
|b Vysvětlivky.
|n 13-24,
|p Hradec Králové /
|c Sestavila Stavební geologie n. p. ; Redaktor listu Z. Lochmann ; Redaktor řady Z. Lochmann
|
| 246 |
3 |
0 |
|a 13-24
|
| 246 |
3 |
0 |
|a Hradec Králové
|
| 250 |
|
|
|a Vydání první
|
| 255 |
|
|
|a Měřítko 1:50 000
|c (E 15°39'37"--E 15°59'44"/N 50°13'13"--N 50°02'55")
|
| 264 |
|
1 |
|a Praha :
|b Vydal Ústřední ústav geologický,
|c 1991
|
| 264 |
|
3 |
|a Kolín :
|b Reprodukční zpracování a tisk OT,
|c 1991
|
| 300 |
|
|
|a 1 list :
|b barevný ;
|c 47 x 69 cm
|
| 336 |
|
|
|a kartografický obraz
|b cri
|2 rdacontent
|
| 337 |
|
|
|a bez média
|b n
|2 rdamedia
|
| 338 |
|
|
|a list
|b nb
|2 rdacarrier
|
| 490 |
1 |
|
|a [Základní mapa ČSR 1:50 000] ;
|v 13-24, 1991
|
| 490 |
1 |
|
|a Soubor geologických a účelových map ;
|v 13-24, 1991
|
| 500 |
|
|
|a Další údaje o vydání: Redakční uzávěrka únor 1987
|
| 500 |
|
|
|a Dostupné též v digitální podobě v aplikaci Kramerius
|
| 650 |
|
7 |
|a inženýrská geologie
|7 ph121179
|2 czenas
|
| 651 |
|
7 |
|a Hradec Králové (Česko : oblast)
|7 ge134227
|2 czenas
|
| 655 |
|
7 |
|a geologické mapy
|7 fd132402
|2 czenas
|
| 700 |
1 |
|
|a Lochmann, Zdeněk
|7 jk01072344
|4 red
|
| 710 |
2 |
|
|a Ústřední ústav geologický
|7 kn20010725011
|4 pbl
|
| 830 |
|
0 |
|a Základní mapa ČSR 1:50 000 ;
|v 13-24, 1991
|
| 830 |
|
0 |
|a Soubor geologických a účelových map ;
|v 13-24, 1991
|
| 856 |
4 |
1 |
|u http://www.digitalniknihovna.cz/mzk/uuid/uuid:d05dbd00-e34a-11e9-9b82-005056827e52
|y Digitalizovaný dokument
|x NDK
|
| 910 |
|
|
|a BOA001
|b Mpa-0986.464,13-24-91
|
| 990 |
|
|
|a MP
|
| 991 |
|
|
|b 201909
|